header

Secondary predication and adverbial modification (Record no. 22243)

MARC details
000 -LEADER
fixed length control field 01491nam a2200361Ia 4500
245 00 - TITLE STATEMENT
Title Secondary predication and adverbial modification
260 ## - PUBLICATION, DISTRIBUTION, ETC. (IMPRINT)
Place of publication Oxford ;
-- New York :
Name of publisher Oxford University Press,
Year of publication 2005.
300 ## - PHYSICAL DESCRIPTION
Number of Pages xxv, 448 p. :
Other physical details ill.
650 #0 - SUBJECT ADDED ENTRY--TOPICAL TERM
Topical Term Grammar, Comparative and general
Topical Term Grammar, Comparative and general
Topical Term Grammar, Comparative and general
Topical Term Semantics.
Topical Term Typology (Linguistics)
700 1# - ADDED ENTRY--PERSONAL NAME
Personal name Himmelmann, Nikolaus,
Personal name Schultze-Berndt, Eva.
856 40 - ELECTRONIC LOCATION AND ACCESS
Uniform Resource Identifier http://site.ebrary.com/lib/rucke/Doc?id=10271546

No items available.

© 2026 Rongo University
Contact us: librarian | system librarian | Rongo university